[Event "Julius Baer Rapid Div 2 W"]
[Site "chess.com INT"]
[Date "2023.08.30"]
[Round "1.3"]
[White "Artemiev, V."]
[Black "Alekseev, Evgeny"]
[Result "1-0"]
[WhiteElo "2698"]
[BlackElo "2573"]
[PlyCount "109"]
[EventDate "2023.08.30"]
[EventType "k.o."]

1. Nf3 c5 2. b3 Nc6 3. Bb2 Nf6 4. g3 g6 5. c4 Bg7 6. Bg2 d6 7. d4 cxd4 ({RR} 7... d5 8. O-O O-O 9. dxc5 dxc4 10. bxc4 Qa5 11. Nbd2 Qxc5 12. Qb3 Rd8 13. Rad1 Rb8 14. Ba3 Qh5 15. Qb5 Bf5 16. Nb3 Rxd1 17. Rxd1 Ne4 18. Bb4 a6 19. Qb6 Nxb4 20. Qxb4 Nc3 21. Rd2 Be4 22. Qxe7 {Rakhmanov,A (2640)-Jones,G (2671) Chess.com INT 2022 ½-½ (37)}) ({RR} 7... Qa5+ 8. Bc3 Qc7 9. d5 Na5 10. O-O O-O 11. Nbd2 Bd7 12. e4 b5 13. e5 Ne8 14. Re1 bxc4 15. bxc4 dxe5 16. Nxe5 Nd6 17. Bxa5 Qxa5 18. Nxd7 Rfd8 19. Ne5 Qc3 20. Nc6 {1-0 (20) Harsh,S (2414)-Agibileg,U (2392) chess.com INT 2025}) 8. Nxd4 Bd7 9. Nc2 h5 $146 ({RR} 9... a6 10. Nc3 O-O 11. O-O Rc8 12. Rb1 Qa5 13. a3 Qh5 14. e4 Qxd1 15. Rfxd1 b5 16. Ne3 bxc4 17. Nxc4 Be6 18. Nd5 Nd7 19. f4 Bxb2 20. Rxb2 Rfe8 21. Rdd2 Kf8 22. Rbc2 Nc5 23. Rc3 a5 24. e5 {Dizdarevic,E (2540)-Cebalo,M (2515) Pula 1998 0-1 (38)}) 10. Nc3 O-O 11. O-O h4 12. gxh4 Kh7 13. Nd5 Nxd5 14. Bxg7 Kxg7 15. cxd5 Ne5 16. h3 f6 17. f4 Nf7 18. Nd4 Rh8 19. Qe1 Rc8 20. Qg3 Qb6 21. Rad1 Nh6 22. e4 Nf7 23. Kh2 Qa5 24. Bf3 Rc3 25. Rg1 Rh6 26. Qe1 Qc5 27. Bg4 Bxg4 28. hxg4 Kg8 29. Rg2 b5 30. Ne6 Qc8 31. Qf2 b4 32. Rf1 a5 33. g5 fxg5 34. fxg5 Rh7 35. Kg1 Rh3 36. Rg4 Qc3 37. Kg2 Rd3 38. Re1 Rd2 39. Re2 Rd1 40. Rf4 Qc1 41. Rc2 Rg1+ 42. Qxg1 Qxc2+ 43. Qf2 Qd3 44. Qa7 Qe2+ 45. Kg3 Qe1+ 46. Kg2 Qe2+ 47. Qf2 Qd3 48. Rg4 Qd1 49. Kg3 Qd3+ 50. Kh2 Qd1 51. Rf4 Qd3 52. Qb2 Qe3 53. Qc2 Qc3 54. Qxc3 bxc3 55. Kg3 1-0

[Event "Julius Baer Rapid Div 2 W"]
[Site "chess.com INT"]
[Date "2023.08.31"]
[Round "2.2"]
[White "Artemiev, V."]
[Black "Fressinet, L."]
[Result "1-0"]
[WhiteElo "2698"]
[BlackElo "2652"]
[PlyCount "85"]
[EventDate "2023.08.30"]
[EventType "k.o."]

1. Nf3 d5 2. g3 Nf6 3. Bg2 e6 4. O-O Be7 5. b3 O-O 6. Bb2 c5 7. c4 Nc6 8. cxd5 Nxd5 9. Nc3 Bf6 10. Qc2 b6 11. Nxd5 Bxb2 12. Qxb2 exd5 13. d4 Qf6 14. Qd2 cxd4 15. Rfd1 Bg4 16. Nxd4 Nxd4 17. Qxd4 Qxd4 18. Rxd4 Bxe2 19. Re1 Rfe8 $146 ({RR} 19... Rae8 20. h4 g6 21. Rxd5 Bg4 22. Rde5 Rxe5 23. Rxe5 Rd8 24. Rd5 Rc8 25. Rd2 Be6 26. Kf1 Kf8 27. Ke2 Ke7 28. Ke3 Rc5 29. Be4 h6 30. Rc2 Kd6 31. f4 Rxc2 32. Bxc2 Bf5 33. Bxf5 gxf5 34. Kd4 {Bok,B (2607)-Lazavik,D (2544) chess.com INT 2023 ½-½ (39)}) 20. Bxd5 Rad8 21. Bxf7+ Kxf7 22. Rxd8 Rxd8 23. Rxe2 a5 24. Kg2 Rd3 25. Rc2 a4 26. Rc7+ Kf8 27. bxa4 Ra3 28. Rc4 Rxa2 29. Rb4 Ra3 30. h4 g6 31. g4 Kg7 32. f3 h5 33. g5 Kf7 34. Kg3 Ra1 35. Kf4 Ra3 36. Ke4 Ke7 37. f4 Kf7 38. Kd5 Rh3 39. Rxb6 Rxh4 40. Rb7+ Ke8 41. a5 Kd8 42. a6 Kc8 43. Rb4 1-0

[Event "Julius Baer Rapid Div 2 W"]
[Site "chess.com INT"]
[Date "2023.08.31"]
[Round "2.4"]
[White "Amin, B."]
[Black "Suleymanli, Aydin"]
[Result "1-0"]
[WhiteElo "2684"]
[BlackElo "2586"]
[PlyCount "67"]
[EventDate "2023.08.30"]
[EventType "k.o."]

1. Nf3 d5 2. g3 Nf6 3. Bg2 e6 4. O-O Be7 5. d3 O-O 6. a3 a5 $146 ({RR} 6... c5 7. c4 Nc6 8. Nc3 d4 9. Na4 e5 10. e3 dxe3 11. Bxe3 Bf5 12. Ne1 Nd4 13. Bxb7 Rb8 14. Bg2 Qd7 15. Ra2 Bg4 16. f3 Be6 17. Nc3 h5 18. Rf2 h4 19. g4 Bxg4 20. fxg4 Nxg4 21. Bh3 {Ghasi,A (2491)-Antoniou,R (2060) chess.com INT 2024 1-0 (71)}) ({RR} 6... c5 7. Nbd2 Nc6 8. e4 b5 9. Re1 Bb7 10. e5 Nd7 11. Nf1 Qc7 12. Bf4 Rfc8 13. h4 Qd8 14. h5 h6 15. Qd2 a5 16. g4 Ra6 17. Re2 a4 18. N1h2 b4 19. Kh1 bxa3 20. bxa3 Rb6 21. Rg1 {Amin,B (2682)-Yakubboev,N (2617) chess.com INT 2023 1-0 (44)}) 7. Nc3 d4 8. Nb5 e5 9. a4 Re8 10. e3 c6 11. Na3 dxe3 12. Bxe3 Nd5 13. Bd2 Bxa3 14. Rxa3 Bg4 15. h3 Bh5 16. Re1 Nd7 17. Qc1 f5 18. Bg5 Qc7 19. Nh4 f4 20. Nf5 h6 21. c4 Nb4 22. Be7 Bg6 23. Bd6 Qd8 24. Be4 Bxf5 25. Bxf5 fxg3 26. fxg3 c5 27. Rf1 Ra6 28. Bxd7 Qxd7 29. Bxc5 Nxd3 30. Qe3 e4 31. Bb6 Ne5 32. c5 Nc4 33. Qb3 Qc7 34. Qxc4+ 1-0

[Event "Julius Baer Rapid Div 2 W"]
[Site "chess.com INT"]
[Date "2023.08.31"]
[Round "2.5"]
[White "Amin, B."]
[Black "Suleymanli, Aydin"]
[Result "1-0"]
[WhiteElo "2684"]
[BlackElo "2586"]
[PlyCount "87"]
[EventDate "2023.08.30"]
[EventType "k.o."]

1. Nf3 d5 2. g3 Nf6 3. Bg2 e6 4. O-O Be7 5. d3 O-O 6. a3 c5 7. Nbd2 ({RR} 7. c4 Nc6 8. Nc3 d4 9. Na4 e5 10. e3 dxe3 11. Bxe3 Bf5 12. Ne1 Nd4 13. Bxb7 Rb8 14. Bg2 Qd7 15. Ra2 Bg4 16. f3 Be6 17. Nc3 h5 18. Rf2 h4 19. g4 Bxg4 20. fxg4 Nxg4 21. Bh3 Nxf2 {Ghasi,A (2491)-Antoniou,R (2060) chess.com INT 2024 1-0 (71)}) 7... Nc6 8. e4 dxe4 $146 ({RR} 8... b5 9. Re1 Bb7 10. e5 Nd7 11. Nf1 Qc7 12. Bf4 Rfc8 13. h4 Qd8 14. h5 h6 15. Qd2 a5 16. g4 Ra6 17. Re2 a4 18. N1h2 b4 19. Kh1 bxa3 20. bxa3 Rb6 21. Rg1 c4 22. d4 c3 23. Qc1 {Amin,B (2682)-Yakubboev,N (2617) chess.com INT 2023 1-0 (44)}) 9. dxe4 e5 10. c3 Qc7 11. Qe2 h6 12. b4 Be6 13. Bb2 Rfd8 14. b5 Na5 15. c4 Rd4 16. Rfc1 Rad8 17. Bxd4 cxd4 18. Ne1 Nd7 19. Nd3 Nc5 20. Nxc5 Bxc5 21. Qd3 Rc8 22. Bf1 Qe7 23. Nb3 Bb6 24. Nd2 Qd6 25. Qb1 d3 26. Qxd3 Qxd3 27. Bxd3 Rd8 28. c5 Bxc5 29. Rxc5 Rxd3 30. Rc2 Bh3 31. a4 f6 32. f3 Be6 33. Kf2 Kf7 34. Ke2 Rd4 35. Rc7+ Kg6 36. Ra3 Rb4 37. f4 exf4 38. gxf4 f5 39. Rg3+ Kh5 40. Re7 Bc8 41. Rgxg7 fxe4 42. Rxe4 Bg4+ 43. Ke3 Rb2 44. f5 1-0

[Event "Julius Baer Rapid Div 2 L"]
[Site "chess.com INT"]
[Date "2023.08.31"]
[Round "1.2"]
[White "Nihal, Sarin"]
[Black "Mamedov, Rau"]
[Result "1-0"]
[WhiteElo "2694"]
[BlackElo "2640"]
[PlyCount "151"]
[EventDate "2023.08.31"]
[EventType "k.o."]

1. Nf3 c5 2. b3 Nf6 3. Bb2 d5 4. e3 a6 5. c4 dxc4 6. Bxc4 Nc6 7. O-O e6 8. d4 cxd4 9. Nxd4 Nxd4 10. Bxd4 Bd7 11. Nd2 Bc6 ({RR} 11... Be7 12. Bd3 Bc6 13. Nc4 Qd5 14. f3 Rd8 15. Qe2 O-O 16. Rac1 Qh5 17. Ne5 Bd5 18. Qf2 Bd6 19. g4 Qh3 20. e4 Bxe5 21. Bxe5 Bxb3 22. Qe3 Ba4 23. Bxf6 gxf6 24. Rc5 e5 25. Rfc1 h6 26. Rc7 {Tuson,J (1806)-Spice,A (1999) Cardiff WLS 2025 0-1 (35)}) 12. Be2 Be7 ({RR} 12... Bb4 13. Nc4 O-O 14. a3 Be7 15. b4 Qd5 16. f3 Rad8 17. Qc2 Bb5 18. Rfd1 Rc8 19. Bxf6 Bxf6 20. Rxd5 exd5 21. Rd1 Bxc4 22. f4 Bb5 23. Qd2 Bc6 24. Bf3 Rcd8 25. Qa2 Rfe8 26. Bxd5 Rxe3 27. Bxf7+ {Xiong,J (2688)-Aronian,L (2775) Chess.com INT 2022 1-0 (42)}) 13. Rc1 O-O 14. Bf3 $146 ({RR} 14. Nc4 Nd7 15. Qd2 a5 16. Rfd1 Bb4 17. Qb2 Qg5 18. Bf1 Rfd8 19. a3 Be7 20. Bc3 Bf6 21. Rd2 Bd5 22. Bxf6 Qxf6 23. Qxf6 {½-½ (23) Shchekachev,A (2522)-Guliyev,N (2568) Paris 2017}) 14... Nd5 15. Nc4 Rc8 16. Qd2 Nb4 17. Be2 Bb5 18. Qb2 Bf6 19. Rfd1 Bxd4 20. Rxd4 Qf6 21. Qd2 Nc6 22. Rd7 Na5 23. Rd4 Nxc4 24. Bxc4 Bc6 25. Rd1 g6 26. h3 Qg5 27. Bf1 Qe5 28. g3 Qf5 29. Rf4 Qd5 30. Qxd5 Bxd5 31. Bg2 Bxg2 32. Kxg2 Rc7 33. Rd6 Kg7 34. Rb4 Re8 35. a4 Ree7 36. g4 g5 37. Kg3 h6 38. h4 Red7 39. Rbd4 Rxd6 40. Rxd6 Kf6 41. h5 Ke5 42. Rd8 Kf6 43. Rd6 Ke5 44. Rb6 Ke4 45. a5 Ke5 46. f3 Kd5 47. b4 Ke5 48. Kg2 f5 49. gxf5 Kxf5 50. Kg3 Ke5 51. b5 axb5 52. Rxb5+ Kf6 53. f4 gxf4+ 54. Kxf4 Rc4+ 55. e4 Ra4 56. Ke3 e5 57. Kf3 Ra3+ 58. Kg4 Ra4 59. Rb6+ Ke7 60. Rxb7+ Kd6 61. Kf5 Rxa5 62. Rb6+ Ke7 63. Rxh6 Kf7 64. Re6 Ra1 65. Rxe5 Rh1 66. Kg5 Rg1+ 67. Kh6 Rg4 68. Rf5+ Ke6 69. Rg5 Rxe4 70. Kg7 Rf4 71. h6 Rf7+ 72. Kg8 Ra7 73. h7 Kf6 74. h8=Q+ Kxg5 75. Qe5+ Kg6 76. Qd6+ 1-0

[Event "Julius Baer Rapid Div 2 L"]
[Site "chess.com INT"]
[Date "2023.09.02"]
[Round "4.1"]
[White "Amin, B."]
[Black "Yakubboev, Nodirbek"]
[Result "1-0"]
[WhiteElo "2682"]
[BlackElo "2617"]
[PlyCount "87"]
[EventDate "2023.08.31"]
[EventType "k.o."]

1. Nf3 Nf6 2. g3 d5 3. Bg2 e6 4. O-O Be7 5. d3 O-O 6. a3 c5 7. Nbd2 ({RR} 7. c4 Nc6 8. Nc3 d4 9. Na4 e5 10. e3 dxe3 11. Bxe3 Bf5 12. Ne1 Nd4 13. Bxb7 Rb8 14. Bg2 Qd7 15. Ra2 Bg4 16. f3 Be6 17. Nc3 h5 18. Rf2 h4 19. g4 Bxg4 20. fxg4 Nxg4 21. Bh3 Nxf2 {Ghasi,A (2491)-Antoniou,R (2060) chess.com INT 2024 1-0 (71)}) 7... Nc6 8. e4 b5 $146 ({RR} 8... dxe4 9. dxe4 e5 10. c3 Qc7 11. Qe2 h6 12. b4 Be6 13. Bb2 Rfd8 14. b5 Na5 15. c4 Rd4 16. Rfc1 Rad8 17. Bxd4 cxd4 18. Ne1 Nd7 19. Nd3 Nc5 20. Nxc5 Bxc5 21. Qd3 Rc8 22. Bf1 Qe7 23. Nb3 {Amin,B (2684)-Suleymanli,A (2586) chess.com INT 2023 1-0 (44)}) 9. Re1 Bb7 10. e5 Nd7 11. Nf1 Qc7 12. Bf4 Rfc8 13. h4 Qd8 14. h5 h6 15. Qd2 a5 16. g4 Ra6 17. Re2 a4 18. N1h2 b4 19. Kh1 bxa3 20. bxa3 Rb6 21. Rg1 c4 22. d4 c3 23. Qc1 Nf8 24. Bf1 Nh7 25. Re1 Ba6 26. Bxa6 Rxa6 27. Rg3 Ng5 28. Nxg5 hxg5 29. Be3 Rb6 30. Nf3 Rcb8 31. Bxg5 Bxg5 32. Qxg5 Qxg5 33. Nxg5 Nxd4 34. Rxc3 Rc6 35. Rxc6 Nxc6 36. Kg2 Kf8 37. Re3 d4 38. Re4 Rb2 39. Rf4 Nxe5 40. Nxe6+ Ke7 41. Nxd4 Ra2 42. Nf5+ Kf6 43. Ne3+ Ke6 44. Rxa4 1-0

[Event "Julius Baer Rapid Div 2 L"]
[Site "chess.com INT"]
[Date "2023.09.02"]
[Round "5.1"]
[White "Amin, B."]
[Black "Aronian, L."]
[Result "1-0"]
[WhiteElo "2682"]
[BlackElo "2742"]
[PlyCount "59"]
[EventDate "2023.08.31"]
[EventType "k.o."]

1. Nf3 c5 2. g3 Nc6 3. Bg2 g6 4. O-O Bg7 5. d3 Nf6 6. e4 O-O 7. Re1 d6 8. c3 e5 9. a4 a6 10. h3 Rb8 11. Be3 b5 12. axb5 axb5 13. Nbd2 Re8 14. d4 exd4 15. cxd4 c4 $146 ({RR} 15... Nd7 16. e5 Nxd4 17. exd6 Nxf3+ 18. Nxf3 Bb7 19. Bg5 Rxe1+ 20. Qxe1 Bf6 21. h4 Bxf3 22. Bxf3 Ne5 23. Bd5 Qxd6 24. Rd1 Bxg5 25. hxg5 Qxd5 26. Rxd5 Nf3+ 27. Kf1 Nxe1 28. Kxe1 Rc8 {½-½ (28) Amin,B (2682)-Aronian,L (2742) chess.com INT 2023}) 16. e5 Nd5 17. Bg5 Qd7 18. Ne4 h6 19. Nxd6 hxg5 20. Nxg5 Ncb4 21. Ngxf7 Rf8 22. e6 Qe7 23. Qg4 Qf6 24. Re5 Nd3 25. Bxd5 Qxf2+ 26. Kh1 Bb7 27. Nxb7 Ra8 28. Rg1 Bxe5 29. dxe5 Rxf7 30. Qxg6+ 1-0

[Event "Julius Baer Rapid Div 3 W"]
[Site "chess.com INT"]
[Date "2023.08.30"]
[Round "1.1"]
[White "Kramnik, V."]
[Black "Ivic, Velimir"]
[Result "1-0"]
[WhiteElo "2753"]
[BlackElo "2561"]
[PlyCount "53"]
[EventDate "2023.08.30"]
[EventType "k.o."]

1. Nf3 d5 2. g3 g6 3. Bg2 Bg7 4. d4 Nf6 5. O-O O-O 6. a4 a5 7. b3 ({RR} 7. c3 c6 8. Nbd2 Nbd7 9. Re1 Re8 10. e4 dxe4 11. Nxe4 Nxe4 12. Rxe4 Nf6 13. Re1 Be6 14. Rxe6 fxe6 15. Qe2 h6 16. Bh3 Kh7 17. Bxe6 Rf8 18. Bb3 Nd5 19. Bc2 Qd6 20. Ne5 Bxe5 21. dxe5 Qe6 {Nakamura,H (2802)-Nepomniachtchi,I (2770) chess.com INT 2024 1-0 (52)}) 7... b6 ({RR} 7... c6 8. c4 Na6 9. Nc3 Ne4 10. Bb2 Bf5 11. e3 Nxc3 12. Bxc3 Be4 13. Qd2 b6 14. Ne1 Bxg2 15. Kxg2 Qd6 16. Nd3 Rfd8 17. Rab1 h5 18. h3 c5 19. dxc5 Bxc3 20. Qxc3 Nxc5 21. Nxc5 Qxc5 22. Rfd1 {Papp,L (2386)-Keller,P (2308) chess.com INT 2025 ½-½ (64)}) 8. c4 $146 ({RR} 8. e3 c5 9. Na3 Nc6 10. Nb5 Ne4 11. Bb2 Bb7 12. Nd2 Nxd2 13. Qxd2 cxd4 14. exd4 Qd7 15. Rac1 e6 16. c4 dxc4 17. Rxc4 Rfc8 18. Rfc1 Rab8 19. Qf4 Nd8 20. Rc7 Rxc7 21. Rxc7 e5 22. Rxd7 exf4 {Vachier Lagrave,M (2732)-Ivic,V (2596) chess.com INT 2024 1-0}) 8... e6 9. Ba3 Re8 10. Nc3 Bb7 11. Rc1 Na6 12. e3 dxc4 13. bxc4 c5 14. Nb5 Nb4 15. dxc5 Nd3 16. Nd6 Nxc1 17. Qxc1 Qc7 18. Nxb7 Qxb7 19. Nd4 Qa6 20. Nb5 Rac8 21. c6 e5 22. c7 e4 23. Bh3 h5 24. Rd1 Ng4 25. Bxg4 hxg4 26. Nd6 Bf6 27. Bb2 1-0

[Event "Julius Baer Rapid Div 3 L"]
[Site "chess.com INT"]
[Date "2023.08.30"]
[Round "1.1"]
[White "Theodorou, Nikolas"]
[Black "Ivic, Velimir"]
[Result "1-0"]
[WhiteElo "2604"]
[BlackElo "2561"]
[PlyCount "65"]
[EventDate "2023.08.30"]
[EventType "k.o."]

1. Nf3 Nf6 2. g3 g6 3. Bg2 Bg7 4. O-O O-O 5. b3 d6 6. d4 b5 7. Qd3 ({RR} 7. a4 b4 8. Nbd2 Bb7 9. Bb2 a5 10. Re1 Nfd7 11. e4 c5 12. Nc4 Nc6 13. d5 Nce5 14. Nfxe5 Nxe5 15. Bxe5 Bxe5 16. Nxe5 dxe5 17. c4 Qd6 18. Qe2 Kh8 19. Rf1 g5 20. Bh3 Rg8 21. Qh5 Rg7 {Donchenko,A (2619)-Fedoseev,V (2701) Chess.com INT 2022 1-0 (49)}) ({RR} 7. Bb2 Bb7 8. c4 bxc4 9. bxc4 Nbd7 10. e3 Rb8 11. Qc1 Ne4 12. Nfd2 Nxd2 13. Nxd2 Bxg2 14. Kxg2 c5 15. Rb1 Qa5 16. dxc5 Bxb2 17. Rxb2 Nxc5 18. Rxb8 Rxb8 19. Qc2 Qc7 20. Rb1 Rxb1 21. Qxb1 Qc6+ {Malassagne,R (2259)-Hirth,J (2063) Chartres FRA 2024 ½-½ (52)}) ({RR} 7. Ne5 dxe5 8. Bxa8 e4 9. c4 bxc4 10. bxc4 Bh3 11. Re1 c6 12. Bb2 Nfd7 13. Qa4 Qc7 14. c5 Nxc5 15. Qc2 Ne6 16. e3 Rc8 17. Rc1 Qa5 18. Nd2 Na6 19. Bb7 Nb4 20. Qxe4 Rc7 21. Bxc6 Rxc6 {Eliseev,E (2407)-Ivic,V (2548) Chess.com INT 2020 0-1 (32)}) 7... b4 $146 ({RR} 7... c6 8. e4 Nbd7 9. Bb2 a5 10. Re1 Ba6 11. e5 dxe5 12. dxe5 Nd5 13. Nbd2 Qc7 14. Qe4 Rad8 15. a3 Nc5 16. Qh4 Bc8 17. Rad1 h6 18. Nd4 Ne6 19. Ne4 Nxd4 20. Bxd4 Bf5 21. c4 bxc4 22. bxc4 {Yelisieiev,Y (2407)-Martinovic,S (2539) Germany 2021 ½-½ (57)}) 8. c4 bxc3 9. Nxc3 Bb7 10. e4 Nbd7 11. Bb2 e5 12. Rfe1 exd4 13. Nxd4 Re8 14. Rad1 Nc5 15. Qc2 Nfd7 16. h3 a5 17. Ndb5 Qb8 18. Kh2 h5 19. f4 h4 20. gxh4 Ne6 21. Rf1 Ba6 22. a4 c6 23. f5 Nec5 24. fxg6 fxg6 25. e5 Nxe5 26. Nd5 cxb5 27. Nf6+ Bxf6 28. Rxf6 Ra7 29. Rxg6+ Nxg6 30. Qxg6+ Kf8 31. Rf1+ Ke7 32. Re1+ Kd7 33. Qf7+ 1-0

[Event "Julius Baer Rapid Div 3 L"]
[Site "chess.com INT"]
[Date "2023.08.31"]
[Round "3.3"]
[White "Theodorou, Nikolas"]
[Black "Makarian, Rudik"]
[Result "1-0"]
[WhiteElo "2604"]
[BlackElo "2548"]
[PlyCount "150"]
[EventDate "2023.08.30"]
[EventType "k.o."]

1. Nf3 Nf6 2. b3 d5 3. Bb2 Bf5 4. g3 e6 5. Bg2 h6 6. O-O Be7 7. d3 O-O 8. Nc3 Bh7 9. e4 dxe4 10. Ne5 Nbd7 11. Nxe4 Nxe5 12. Bxe5 Nxe4 13. Bxe4 Bxe4 $146 ({RR} 13... Bd6 14. Bxd6 Qxd6 15. Bxb7 Rad8 16. Bg2 Qa3 17. Qc1 Qc5 18. Re1 Qc3 19. Re2 Rd4 20. Qe1 Qc5 21. a3 Rfd8 22. b4 Qb6 23. Re5 Bg6 24. Qc3 h5 25. h4 Rg4 26. Qc5 Rd6 27. Rae1 Rgd4 28. Qa5 {Theodorou,N (2611)-Perez Gormaz,M (2394) chess.com INT 2025 1-0 (37)}) 14. dxe4 Bf6 15. Qxd8 Rfxd8 16. Bxf6 gxf6 17. Rad1 Kf8 18. Kg2 Rd6 19. Rxd6 cxd6 20. Rd1 Ke7 21. c4 a6 22. Kh3 b5 23. cxb5 axb5 24. Rd2 b4 25. Kh4 Ra5 26. f4 f5 27. exf5 Rxf5 28. h3 Rb5 29. g4 f6 30. Kg3 d5 31. Kh4 e5 32. fxe5 fxe5 33. Kh5 e4 34. Kxh6 Ke6 35. g5 Ke5 36. g6 d4 37. g7 Rb8 38. Rf2 Rg8 39. Rf8 Rxg7 40. Kxg7 e3 41. Rd8 Ke4 42. h4 e2 43. h5 Kf5 44. Re8 d3 45. h6 d2 46. h7 d1=Q 47. h8=Q Qd7+ 48. Kh6 Qd6+ 49. Kg7 Qd7+ 50. Kf8 Qxe8+ 51. Kxe8 e1=Q+ 52. Kf8 Qc3 53. Qh7+ Kf4 54. Qh6+ Ke4 55. Qg6+ Ke3 56. Qb6+ Kd2 57. Kf7 Kc1 58. Qf2 Kb1 59. Ke6 Ka1 60. Qa7 Qb2 61. Kd5 Qxa2 62. Qd4+ Kb1 63. Qxb4 Kb2 64. Kc4 Qa6+ 65. Kd4 Qf6+ 66. Kd5 Qf7+ 67. Ke5 Qxb3 68. Qd2+ Ka3 69. Qa5+ Qa4 70. Qc3+ Qb3 71. Qa1+ Kb4 72. Kd6 Qc4 73. Qb2+ Ka5 74. Qe5+ Ka6 75. Ke7 Qc6 1-0

[Event "Julius Baer Rapid Div 3 L"]
[Site "chess.com INT"]
[Date "2023.09.01"]
[Round "4.2"]
[White "Theodorou, Nikolas"]
[Black "Giri, A."]
[Result "1-0"]
[WhiteElo "2604"]
[BlackElo "2760"]
[PlyCount "81"]
[EventDate "2023.08.30"]
[EventType "k.o."]

1. Nf3 d5 2. b3 Nf6 3. Bb2 c5 4. e3 e6 5. Rg1 ({RR} 5. g3 Nc6 6. Bg2 Bd6 7. d4 cxd4 8. Nxd4 e5 9. Nxc6 bxc6 10. O-O Bg4 11. Qd3 Nd7 12. c4 e4 13. Qd2 Ne5 14. cxd5 Nf3+ 15. Bxf3 Bxf3 16. dxc6 Qe7 17. Qd4 f6 18. Qc4 Qf7 19. Nd2 Qxc4 {Harikrishna,P (2680)-Salem,A (2531) Biel 2013 1-0 (56)}) 5... Be7 6. g4 O-O 7. h4 $146 ({RR} 7. g5 Ne4 8. h4 f6 9. d3 Nd6 10. c4 dxc4 11. dxc4 Nc6 12. Bd3 Nb4 13. Nc3 Nxd3+ 14. Qxd3 Nf7 15. Qc2 f5 16. Rd1 Qc7 17. g6 hxg6 18. Rxg6 Qa5 19. Ke2 Nh8 20. Rg2 Bf6 21. Na4 Qc7 {Chasin,N (2276)-Doraszelski,A (1802) Dulles 2021 1-0}) 7... Nc6 8. h5 Ne4 9. d3 Bf6 10. c3 Ng5 11. Nxg5 Bxg5 12. Nd2 d4 13. Qe2 e5 14. Ne4 dxe3 15. fxe3 Bh4+ 16. Kd2 f5 17. gxf5 Bxf5 18. Qg2 Qe7 19. Ba3 b6 20. Be2 Qd7 21. Raf1 Bh3 22. Rxf8+ Rxf8 23. Qh1 Be7 24. Bf3 c4 25. bxc4 Bxa3 26. Ng5 e4 27. Bxe4 Bf5 28. h6 g6 29. Bd5+ Kh8 30. e4 Bg4 31. Rf1 Nd8 32. Qg1 Ne6 33. Nxe6 Rxf1 34. Qd4+ Kg8 35. Nc5+ Kf8 36. Nxd7+ Bxd7 37. Qh8+ Ke7 38. Qxh7+ Kd8 39. Qg8+ Kc7 40. h7 Rf2+ 41. Ke1 1-0

[Event "Silicon Valley Fall"]
[Site "Sunnyvale USA"]
[Date "2023.09.03"]
[Round "7.1"]
[White "Cordova, E."]
[Black "Fernandez, Dan SIN"]
[Result "1-0"]
[WhiteElo "2549"]
[BlackElo "2524"]
[PlyCount "125"]
[EventDate "2023.08.31"]

1. Nf3 {Dragun,Kamil} d5 2. g3 Nd7 3. d4 Nb6 4. Nbd2 ({RR} 4. a4 a5 5. b3 Bf5 6. Ba3 c6 7. Nbd2 h6 8. Bg2 ({RR} 8. c4 Nf6 9. Bg2 Nbd7 10. cxd5 cxd5 11. O-O e6 12. Bxf8 Nxf8 13. Qc1 N8d7 14. Qb2 O-O 15. Rfc1 Qb6 16. e3 Rfc8 17. Bf1 Qb4 18. Bb5 Nb6 19. Ne5 Ne4 20. Nxe4 Bxe4 21. Bd3 f6 22. Bxe4 dxe4) 8... Nf6 9. O-O Nbd7 10. Re1 e6 11. Bxf8 Nxf8 12. Ne5 N8d7 13. e4 dxe4 14. Nxe4 Nxe4 15. Bxe4 Bxe4 16. Rxe4 Nf6 17. Re3 O-O 18. Rd3 Qc7) 4... Nf6 5. Bg2 ({RR} 5. b3 Bf5 6. Bb2 e6 7. Bg2 Be7 8. O-O O-O 9. Ne5 c6 10. f3 h6 11. e4 Bh7 12. Nd3 Qc7 13. Qe2 c5 14. dxc5 Bxc5+ 15. Kh1 Be7 16. Rac1 Rfd8 17. e5 Nfd7 18. f4 Nc4 19. bxc4 dxc4 {Cordova,E (2540)-Sathish,P (2353) Las Vegas USA 2024 1-0 (32)}) 5... c6 6. Ne5 ({RR} 6. O-O Bf5 7. Nh4 Bg4 8. h3 Bh5 9. Ndf3 e6 10. Ne5 Ne4 11. Qe1 f6 12. Nd3 g5 13. Nf3 Bd6 14. Bd2 Bg6 15. Bb4 Bxb4 16. Qxb4 a5 17. Qe1 O-O 18. Nd2 Nxd2 19. Qxd2 Nc4 20. Qc1 Nd6 {Benes,P (2019)-Roos,L (2312) Prague CZE 2025 0-1 (41)}) 6... Bf5 7. c4 Nfd7 $146 ({RR} 7... e6 8. Qb3 Nfd7 ({RR} 8... Be7 9. c5 Nbd7 10. Qxb7 Nxe5 11. dxe5 Nd7 12. Qxc6 O-O) 9. Nxd7 Qxd7 10. c5 Nc8 11. Nf3 ({RR} 11. O-O Ne7 12. Re1 h6 13. a4 g5 14. e4) 11... f6 12. Qc3 Be4 13. O-O g5 14. Ne1 Ne7 15. b4 ({RR} 15. Bxe4 dxe4) 15... Bg7 16. a4 h5 17. Ra3 h4 18. f3 Bg6 19. g4 h3 20. Bh1 e5 21. dxe5 fxe5 ({RR} 21... d4 22. e6 ({RR} 22. Qc4 Bf7 23. Qc2 fxe5 24. Bxg5 Nd5 25. f4 ({RR} 25. Nd3 e4 26. Nf4 Nxf4 27. Bxf4 d3) ({RR} 25. b5 O-O) 25... Ne3 26. Rxe3 dxe3 27. Bf3 ({RR} 27. f5 Rg8) 27... exf4 28. Nd3 Bg6 29. Qc4 Bxd3 30. Qxf4 Qe6 31. exd3 Rf8 32. Qxe3 Qxe3+ 33. Bxe3 O-O-O) 22... Qxe6 23. Qxd4 O-O 24. e4 Bf7 25. f4 Rad8 26. Qf2 Qc4) 22. Bxg5 {Li,E (2336)-Dragun,K (2561) Redmond 2021 CBM 206 Extra [Dragun,Kamil] ½-½ (32)}) 8. cxd5 cxd5 9. O-O g6 10. e4 dxe4 11. Nxe4 Nxe5 12. dxe5 Qxd1 13. Rxd1 Bg7 14. f4 O-O 15. Be3 Rac8 16. Bxb6 axb6 17. Nc3 f6 18. Bxb7 Rc7 19. Bd5+ e6 20. exf6 Bxf6 21. Bb3 Bxc3 22. bxc3 Rxc3 23. Rd6 b5 24. Re1 Rfc8 25. Kf2 R3c6 26. Rd7 Bc2 27. Bxe6+ Rxe6 28. Rxe6 Bf5 29. Rde7 Bxe6 30. Rxe6 Kf7 31. Re2 Kf6 32. Ke3 Kf5 33. Kd4 Rc4+ 34. Kd5 h5 35. Rb2 h4 36. gxh4 Rxf4 37. Kc5 Ke6 38. Kxb5 Kd7 39. Rc2 Rf5+ 40. Kb4 Rf4+ 41. Kb3 Rxh4 42. a4 Rh3+ 43. Kb4 Rh4+ 44. Kb5 Rh5+ 45. Kb6 Rh3 46. a5 Rb3+ 47. Ka6 g5 48. Rg2 Rh3 49. Kb7 Rb3+ 50. Ka7 Rh3 51. a6 g4 52. Kb6 Rb3+ 53. Ka5 Ra3+ 54. Kb5 Rb3+ 55. Ka4 Rh3 56. a7 Rh8 57. Rxg4 Kc6 58. Rg7 Kc5 59. Rh7 Rxh7 60. a8=Q Rxh2 61. Qf8+ Kd5 62. Qf5+ Kc6 63. Qb5+ 1-0

[Event "Titled Tue 29th Aug Early"]
[Site "chess.com INT"]
[Date "2023.08.29"]
[Round "4"]
[White "Nihal, Sarin"]
[Black "Demidov, M."]
[Result "1-0"]
[WhiteElo "2684"]
[BlackElo "2566"]
[PlyCount "91"]
[EventDate "2023.08.29"]

1. Nf3 g6 2. d4 Bg7 3. Bf4 d6 4. e3 Nd7 5. h3 e5 6. Bh2 Nh6 7. c3 O-O 8. Nbd2 f5 9. Bc4+ Kh8 10. O-O $146 ({RR} 10. h4 Ng4 11. Qc2 Nb6 12. Bb3 a5 13. a3 Qe7 14. Nc4 Nxc4 15. Bxc4 c6 16. O-O-O b5 17. Ba2 b4 18. Kb1 bxa3 19. bxa3 Ba6 20. h5 g5 21. h6 Bf6 22. Bg1 e4 23. Ne1 d5 24. Qc1 Rfe8 {Dorokhina,E (1962)-Ocelak,J (2206) Pardubice CZE 2024 0-1 (42)}) 10... g5 11. a4 g4 12. hxg4 Nxg4 13. a5 e4 14. Ne1 Nxh2 15. Kxh2 Nf6 16. Kg1 a6 17. g3 d5 18. Be2 Ng4 19. Ng2 c6 20. Nf4 Bh6 21. Kg2 Bxf4 22. exf4 Rg8 23. Rh1 Qd6 24. Nf1 Nf6 25. Rh4 Be6 26. Ne3 Rg6 27. Qh1 Rag8 28. Qh2 R8g7 29. Rh1 Kg8 30. Kf1 c5 31. Rh6 cxd4 32. cxd4 Qb4 33. Rxg6 hxg6 34. Qh8+ Kf7 35. Qb8 Qxb2 36. Rh8 Rg8 37. Qc7+ Nd7 38. Rh7+ Rg7 39. Rxg7+ Kxg7 40. Qd6 Nf8 41. Qe5+ Kh7 42. Nxd5 Bxd5 43. Qxd5 b6 44. Qf7+ Kh6 45. Qxf8+ Kh7 46. Qf7+ 1-0